000 01441nam a2200361 c 4500
003 BLK
005 20250128005513.0
008 180409b bul|||||r ||||||| ||bul||
010 _aKNG00117078000
020 _a954-579-253-1
_bиздат.: Славена
040 _aBLK
041 _aBUL
_cBUL
080 _aПолитически партии и движения
_b329
_x(497.2)ВМРО
_z329(497.2)ВМРО
080 _aНационални малцинства. Оптанти
_b323.15
_x(497.2)
_z323.15(497.2)
100 1 _aГенадиев, Генади Петров
_eпърви автор
_9285592
139 _aГенадиев, Генади Петров
_bГ 29
245 1 0 _aВМРО
_bВъзстановяване и развитие в края на ХХ в. или 100 г. по-късно
_cГенади Петров Генадиев.
257 _aBGR
260 Варна
_bСлавена
_c2003
300 _a172 с.
_bс ил., портр., факс.
_c20 см
380 _a3
650 4 _aВМРО
_9150937
650 4 _aМакедонски въпрос
_9242249
650 0 _aБългария - вътрешна политика
_9241559
653 _aВМРО
653 _aвътрешна политика
852 _aЦб 222315
856 4 _qpdf
_u
856 4 _qpdf
_u
942 _cKNG
_n0
944 _aCR
_c24.01.2005
_k
_lCRON CRON
944 _aED
_c02.02.2005
_k
999 _c111728
_d111728